UNE HISTOIRE ÉTRANGE - Laylow - Statistiques

Statistiques générales
  • Ce quiz a été pris 321 fois
  • Le résultat moyen est 332 sur 501
Statistiques - réponses
% Correct
ces
98%
R,
98%
un
98%
à
97%
a
97%
et
97%
Et
97%
étrange
97%
Étrange
97%
histoire
97%
une
97%
REFRAIN C'est
96%
c'est
96%
que
95%
Que
95%
Ma
94%
pas
94%
rêve
93%
tu
93%
Tu
93%
être
92%
Peut
92%
qui
91%
qui,
91%
Mais
90%
mais
90%
Mais,
90%
qu'un
90%
veux
90%
comprendre
89%
même
89%
Même
89%
Toi,
89%
toi,
89%
toi
89%
qu'il
87%
de
86%
COUPLET 2 De
86%
Le
84%
le
84%
la
83%
la,
83%
ta
83%
tout
81%
qu'ils
80%
des
78%
toute
78%
COUPLET 1 Je
77%
je
77%
ça
76%
dans
76%
les
76%
tes
75%
t'es
75%
T'es
75%
es
74%
ton
74%
Ton
74%
semaine
73%
au
72%
étoile
72%
cours
71%
Donc
71%
t'comprennent
70%
plus
69%
si
69%
Si
69%
Écrire
68%
vois
68%
lignes
67%
C'était
66%
c'était
66%
étoiles
66%
l'ciel
65%
sur
65%
t'ai
65%
bout
64%
juste
64%
moins
64%
nuits
64%
cassé
63%
toutes
63%
vu,
63%
t'as
62%
T'as
62%
Comme
61%
comme
61%
autres
60%
bouts
60%
en
60%
ouf,
60%
vie
60%
devant
59%
sous
59%
vouloir,
59%
vouloir
59%
d'papier
58%
foot
58%
iPod
58%
Parce
58%
parce
58%
Pendant
58%
potes
58%
t'en
58%
fait
57%
pour
57%
trompé,
57%
rien
56%
sera
56%
stadium
56%
croyais
54%
essayé,
54%
qu'les
54%
t'essayais,
54%
voir
54%
cœur
53%
faisaient
53%
il
53%
jamais
53%
ouvert
53%
avec
52%
coulé
52%
faut
52%
celui
51%
c'que
51%
arrive
50%
l'eau
50%
traîné
50%
foutre
49%
non
49%
ponts,
49%
quoi
49%
bon,
48%
destins
48%
D'être
48%
j'peux
48%
sais,
48%
sais
48%
ciel
47%
éclaté
47%
vos
47%
Jack,
46%
liés
46%
regarder
46%
réessayais
45%
t'arrive
45%
connaissances
44%
fin
44%
minute
44%
ne
44%
qu'bégayer
44%
resteraient
44%
dur
43%
éveillé
43%
façon
43%
fois
43%
larmes,
43%
l'miroir
43%
monde,
43%
tienne
43%
dis
42%
or
42%
y
42%
Y
42%
avoir
41%
chemin
41%
chemin,
41%
jusqu'à
41%
meilleure
41%
bonheur
40%
est
40%
faire
40%
j'espère,
40%
J'espère
40%
l'payer,
40%
qu'à
40%
souvenirs
40%
eux,
39%
rendre
39%
rêves
39%
rose
39%
tête,
39%
d'faire
38%
grise
38%
Tous
38%
vivre
38%
J'te
37%
j'te
37%
l'resteras
37%
brut,
36%
demandent
36%
d'sourire
36%
temps,
36%
vida
36%
courir
35%
d'l'histoire,
35%
d'te
35%
qu'c'est
35%
sont
35%
gueule,
34%
Lambo'
34%
loin
34%
navire
34%
"pardon"
34%
perds
34%
projets,
34%
propre
34%
aura
33%
derrière
33%
elle
33%
jolis
33%
l'océan
33%
normal
33%
ouais
33%
remontada
33%
toujours
33%
chagrins
32%
l'seraient
32%
vas
32%
vont
32%
certains
31%
couler
31%
devient
31%
qu'faut
31%
vieux
31%
compte,
30%
croyait
30%
d'autres
30%
dead
30%
infranchissable
30%
leur
30%
l'même
30%
verras
30%
contrée
29%
gagnes
29%
l'monde
29%
Oui,
29%
tracé
28%
euros
25%
clé
24%
important
24%
j'suis
24%
suis
23%
t'arrêtes
23%
Alors
22%
écris
22%
évolué
22%
fier
22%
rendu
21%
l'chemin
20%
coûte
19%
encore
19%
t'aider
17%
aventure,
16%
depuis
16%
l'début
16%
questions?
16%
lumière
15%
t'poses
15%
ah
14%
continueras
12%
avancer
11%
n'vois
10%
c'tunnel
8%
Aucun quiz correspondant
Distribution des résultats
% des personnes avec chaque résultat
Percentile par nombre de réponses
Votre historique - résultats
Vous n’avez pas pris ce quiz